000 00588nam a22002055i 4500
001 168496
003 ES-MaACL
005 20250523062600.0
008 080415s2003 sp |||| | spa d
020 _a84-85708-63-6
080 _a821.134.2-14"19"
100 1 _aGarcía Calvo, Agustín,
_d1926-2012
_eaut
_9233841
245 1 0 _aUno o dos en 23 sitios y más /
_cAgustín García Calvo.
250 _a1ª ed.
260 _aZamora :
_bLucina,
_c2003.
300 _a116 p. ;
_c19 cm.
852 4 _aES-MaACL
_jL-29366
_bR.143376
942 _2udc
999 _c168496
_d168496